New group devises common standard for commercial property transactions (Record no. 73185)
[ view plain ]
| 000 -LEADER | |
|---|---|
| fixed length control field | 01188cam a2200229 4500 |
| 001 - CONTROL NUMBER | |
| control field | ABS66877 |
| 008 - FIXED-LENGTH DATA ELEMENTS--GENERAL INFORMATION | |
| fixed length control field | 030808n2003 000 0 eng u |
| 035 ## - SYSTEM CONTROL NUMBER | |
| System control number | (Sirsi) u123227 |
| 100 ## - MAIN ENTRY--PERSONAL NAME | |
| Personal name | Macniven, I. |
| 245 ## - TITLE STATEMENT | |
| Title | New group devises common standard for commercial property transactions |
| 260 ## - PUBLICATION, DISTRIBUTION, ETC. | |
| Date of publication, distribution, etc. | 2003 |
| 490 ## - SERIES STATEMENT | |
| Series statement | Journal of the Law Society of Scotland |
| Volume/sequential designation | 48(7) July 2003, 62-64(3) |
| 520 ## - SUMMARY, ETC. | |
| Summary, etc. | The Property Standardisation Group (PSG) aims to promote the use of agreed documents and procedures to allow lawyers to identify the main issues in a transaction. The group was formed from several Scottish firms over concern that too much time was spent in property transactions negotiating the forms of documentation and agreeing procedures. The PSG have issued guidance notes. More information can be found on the PSG website, www.psglegal.co.uk. |
| 590 ## - LOCAL NOTE (RLIN) | |
| Local note | ABS |
| 650 ## - SUBJECT ADDED ENTRY--TOPICAL TERM | |
| Topical term or geographic name entry element | COMMERCIAL PROPERTY TRANSACTIONS |
| 650 ## - SUBJECT ADDED ENTRY--TOPICAL TERM | |
| Topical term or geographic name entry element | PROPERTY LAWYERS |
| 650 ## - SUBJECT ADDED ENTRY--TOPICAL TERM | |
| Topical term or geographic name entry element | PROPERTY STANDARDISATION GROUP |
| 650 ## - SUBJECT ADDED ENTRY--TOPICAL TERM | |
| Topical term or geographic name entry element | LEGAL TRANSACTIONS |
| 690 ## - LOCAL SUBJECT ADDED ENTRY--TOPICAL TERM (OCLC, RLIN) | |
| Topical term or geographic name as entry element | PROPERTY-COMMERCIAL PROPERTY |
| 856 ## - ELECTRONIC LOCATION AND ACCESS | |
| Uniform Resource Identifier | <a href="https://www.psglegal.co.uk">https://www.psglegal.co.uk</a> |
| Public note | View the Property Standardisation Group website.... |
| 942 ## - ADDED ENTRY ELEMENTS (KOHA) | |
| Suppress in OPAC | 0 |
| Withdrawn status | Lost status | Source of classification or shelving scheme | Damaged status | Not for loan | Home library | Current library | Shelving location | Date acquired | Total Checkouts | Full call number | Barcode | Date last seen | Copy number | Price effective from | Koha item type |
|---|---|---|---|---|---|---|---|---|---|---|---|---|---|---|---|
| Dewey Decimal Classification | London | London | Journal article | 08/08/2003 | ABS66877 | 123227-1001 | 06/08/2019 | 1 | 06/08/2019 | Journal article |